Modernidad : (Record no. 45582)

MARC details
000 -LEADER
fixed length control field 00831nam a22002417a 4500
005 - DATE AND TIME OF LATEST TRANSACTION
control field 20220120132120.0
008 - FIXED-LENGTH DATA ELEMENTS--GENERAL INFORMATION
fixed length control field 131122t sp ||||| |||| 00| 0 spa d
020 ## - INTERNATIONAL STANDARD BOOK NUMBER
International Standard Book Number 9788449320738
050 04 - LIBRARY OF CONGRESS CALL NUMBER
Classification number NX454.5.M63
Item number G39 2007
100 1# - MAIN ENTRY--PERSONAL NAME
Personal name Gay, Peter.
245 ## - TITLE STATEMENT
Title Modernidad :
Remainder of title la atracción de la herejía de Baudelaire a Beckett /
Statement of responsibility, etc Peter Gay ; tr. Marta Pino...[et al].
250 ## - EDITION STATEMENT
Edition statement 1a ed.
260 ## - PUBLICATION, DISTRIBUTION, ETC. (IMPRINT)
Place of publication, distribution, etc Barcelona, España :
Name of publisher, distributor, etc Paidos,
Date of publication, distribution, etc 2007.
300 ## - PHYSICAL DESCRIPTION
Extent 591 p. :
Other physical details il. ;
Dimensions 23 cm.
440 #0 - SERIES STATEMENT/ADDED ENTRY--TITLE
Title Modernidad ;
Volume number/sequential designation 1
500 ## - GENERAL NOTE
General note Traducción de : Modernism : the lure of heresy : from Baudelaire to Beckett and beyond
504 ## - BIBLIOGRAPHY, ETC. NOTE
Bibliography, etc Incluye indice
650 #7 - SUBJECT ADDED ENTRY--TOPICAL TERM
Source of heading or term Lemb
Topical term or geographic name as entry element Arte moderno
Chronological subdivision Siglo XIX
650 #7 - SUBJECT ADDED ENTRY--TOPICAL TERM
Source of heading or term Lemb
Topical term or geographic name as entry element Modernismo
650 #7 - SUBJECT ADDED ENTRY--TOPICAL TERM
Source of heading or term Lemb
Topical term or geographic name as entry element Arte moderno
Chronological subdivision Siglo XX
700 1# - ADDED ENTRY--PERSONAL NAME
Personal name Pino, Marta,
Relator term tr.
942 ## - ADDED ENTRY ELEMENTS (KOHA)
Source of classification or shelving scheme Biblioteca del Cogreso de los Estados Unidos
Koha item type Libro
Holdings
Estado de pérdida Fuente de clasificación Estado del daño No para préstamo Ubicación permanente Ubicación actual Fecha de adquisición Fuente de adquisición Enumeración de Serie / Cronológica Clasificación Código de Barras Date last seen Número de copia Tipo de recurso Nota pública Apartado o colección Edición Área del conocimiento Total Checkouts Costo por reposición
  Biblioteca del Cogreso de los Estados Unidos     Biblioteca de la Facultad de Letras Biblioteca de la Facultad de Letras 22/11/2013   LLH000003385 NX454 .5 .M63 G39 2007 LLH000003385 16/01/2015 C:1 Libro General          
  Biblioteca del Cogreso de los Estados Unidos     Biblioteca del Instituto de Investigaciones Históricas Biblioteca del Instituto de Investigaciones Históricas 20/01/2022     NX454 .5 .M63 G39 2007 IIH000031762 20/01/2022 C:1 Libro   General 1a ed. Educación y Humanidades   1.00